"Credo" Symbólum Nicǽno-Constantinopolitánum - Statistics

General Stats
  • This quiz has been taken 102 times
  • The average score is 68 of 163
Answer Stats
Latin % Correct
Credo
100%
in
100%
Deum,
84%
unum
84%
cæli
72%
et
72%
omnipoténtem,
72%
terræ,
72%
factórem
64%
Patrem
64%
et
56%
Et
56%
in
56%
Christum,
52%
Dei
52%
Dóminum
52%
Fílium
52%
Iesum
52%
unigénitum
52%
unum
52%
de
48%
de
48%
de
48%
Deo,
48%
Deo
48%
Deum
48%
Deum
48%
invisibílium.
48%
Lumen
48%
Lúmine,
48%
ómnium
48%
vero,
48%
verum
48%
visibílium
48%
Amen.
44%
de
44%
de
44%
est,
44%
et
44%
et
44%
et
44%
ex
44%
factum,
44%
factus
44%
génitum,
44%
homo
44%
Maria
44%
non
44%
nos
44%
ómnia
44%
Patri:
44%
Spíritu
44%
sunt;
44%
Vírgine
44%
ante
40%
ascéndit
40%
cælum,
40%
consubstantiálem
40%
crucifíxus
40%
descéndit
40%
déxteram
40%
die
40%
est
40%
est,
40%
et
40%
et
40%
et
40%
Et
40%
et
40%
et
40%
facta
40%
hómines
40%
in
40%
in
40%
incarnátus
40%
natum
40%
ómnia
40%
Patre
40%
Patris,
40%
per
40%
per
40%
Piláto,
40%
Póntio
40%
Prophétas.
40%
propter
40%
quem
40%
qui
40%
resurréxit
40%
sǽcula:
40%
salútem,
40%
Sancto
40%
Sanctum,
40%
Scriptúras,
40%
sedet
40%
sepúltus
40%
Spíritum
40%
sub
40%
tértia
40%
ad
36%
adorátur
36%
apostólicam
36%
Baptísma
36%
cælis,
36%
cathólicam
36%
cum
36%
cum
36%
Dóminum
36%
Ecclésiam.
36%
et
36%
et
36%
et
36%
et
36%
Et
36%
et
36%
ex
36%
Filióque
36%
glória,
36%
iudicáre
36%
mórtuos,
36%
nobis
36%
passus
36%
Patre
36%
pro
36%
procédit,
36%
propter
36%
qui
36%
qui
36%
remissiónem
36%
sanctam
36%
secúndum
36%
unam
36%
vivos
36%
cuius
32%
erit
32%
est
32%
Et
32%
et
32%
etiam
32%
ex
32%
Fílio
32%
locútus
32%
non
32%
nostram
32%
Patre
32%
peccatórum.
32%
qui
32%
resurrectiónem
32%
sǽculi.
32%
simul
32%
unum
32%
ventúri
32%
vitam
32%
vivificántem,
32%
Confíteor
28%
conglorificátur,
28%
finis.
28%
in
28%
mortuórum,
28%
regni
28%
íterum
24%
est
20%
ventúrus
20%
exspécto
8%
No matching quizzes found
Score Distribution
Percent of People with Each Score
Percentile by Number Answered
Your Score History
You have not taken this quiz